000 00556nam a2200193 i 4500
001 5674
003 ES-MaACL
005 20230906144646.0
007 t|
008 890419s1988 sp ||||1| spa d
020 _a84-315-0023-9
080 _a794.1
100 1 _aCapece, Adolivio.
_934808
245 1 0 _aEstrategia y técnica en las aperturas de ajedrez /
_cAdolivio Capece.
260 _aBarcelona :
_bDe Vecchi,
_cD.L. 1988.
300 _a157 p. ;
_c21 cm.
650 1 4 _aAjedrez-
_xAperturas.
_99708
852 _aES-MaACL
_jL-12627
_bR.115870
_z. - rust.
999 _c5674
_d5674